Teorema Ljapunova i statističeskaja dlina pyti odnoj krivoj v teorii dzeta-funkcii Rimana

Bibliographic Details
Main Author: Moser, Ján (Author)
Format: Article
Language:Russian
PhysicalDescription:Res. slov, angl., lit. 12 zázn. v angl., ruš.
Subjects:

MARC

LEADER 00000nab a2200000 a 4500
001 vtls000436369
003 SK-MaSNL
005 20260318124822.0
008 230223c1988 xo 0 rus
015 |a SNBRA19rr/mm-uuuuu 
035 |a CL0436497 
035 |a (urnnbn)urn:nbn:sk:snk:ar-0068mo 
035 |a (uuid)5de74490-d513-435b-8e4d-d5ff8ef2879a 
035 |a urn:nbn:sk:snk-ab84d1 
040 |a SNKBUCL  |b slo  |c SNKBUCL  |e AACR2 
041 0 |a rus 
044 |a xo  |c SK 
080 |a 511.33:512.772:519.23  |2 1981 
080 |a 512.772  |2 1981 
080 |a 519.23  |2 1981 
100 1 |a Moser, Ján  |4 aut  |9 1007431 
245 1 0 |a Teorema Ljapunova i statističeskaja dlina pyti odnoj krivoj v teorii dzeta-funkcii Rimana  |c Ján Moser 
300 |b Res. slov, angl., lit. 12 zázn. v angl., ruš. 
650 0 7 |a stochastické procesy  |2 snkbucl  |9 69219 
650 0 7 |a funkcia dzeta Riemannova  |2 snkbucl  |9 1007432 
655 7 |a články zo zborníkov  |2 snkbucl  |9 166140 
773 0 |t Acta mathematica Universitatis Comenianae 54-55  |d Bratislava : Alfa, 1988  |g S. 147-163 
850 |a Slovenská národná knižnica v Martine  |a MTA001 
852 |a SNK  |b KIS3GCP 
958 |a OND 
958 |a RK 
958 |a NB 
958 |a EUIPO 
958 |a article9 
992 |a RZB 
999 |c 2575369  |d 2577299